Zahádam ti hádanku

Bibliographic Details
Main Author: Pavlovič, Jozef, 1934-2020 (Author)
Format: Article
Language:Slovak
Subjects:

MARC

LEADER 00000nab a2200000 a 4500
001 vtls000247443
003 SK-MaSNL
005 20260304014835.0
008 111130c1986 xo 0 slo
015 |a SNBRB19rr/mm-uuuuu 
035 |a CL0257557 
040 |a SNKBUCL  |b slo  |c SNKBUCL  |e AACR2 
041 0 |a slo 
044 |a xo  |c SK 
080 |a 885.4-1(087.5)  |2 1981 
100 1 |a Pavlovič, Jozef,  |d 1934-2020  |4 aut  |9 200363 
245 1 0 |a Zahádam ti hádanku  |c Jozef Pavlovič 
655 7 |a články z novín a časopisov  |2 snkbucl  |9 267496 
655 7 |a články z odboru literárna veda a krásna literatúra  |2 snkbucl  |9 770045 
655 7 |a hádanky  |2 snkbucl  |9 290931 
740 0 2 |a Kostená hádanka 
740 0 2 |a Boľavá hádanka 
740 0 2 |a Kurínová hádanka 
773 0 |t Slniečko  |g Roč. 18, č. 10 (1986), s. 30 
850 |a Slovenská národná knižnica 
852 |a Slovenská národná knižnica 
958 |a RK 
958 |a LX 
992 |a RBX 
999 |c 2588024  |d 2589954